| 000 | 00000nam##2200000za#4500 |
| 001 | 9.700274 |
| 003 | CaOODSP |
| 005 | 20250506145324 |
| 007 | cr ||||||||||| |
| 008 | 150407|1968||||xxc|||||o f|0| 0 eng|d |
| 040 | |aCaOODSP|beng |
| 043 | |an-cn--- |
| 086 | 1 |aA43-1367/1968E-PDF |
| 110 | 1 |aCanada.|bAgriculture Canada. |
| 245 | 14|aThe birch leaf miner / |h[electronic resource]|c[by] Ludger Bellefleur. |
| 260 | |aOttawa - Ontario : |bAgriculture Canada |c1968. |
| 300 | |a6p.|billus. |
| 500 | |aHistorical publication digitized by Agriculture and Agri-Food Canada. |
| 590 | |a15-02-Supp|b2015-02-16 |
| 690 | 07|aAgricultural technology|2gcpds |
| 690 | 07|aCrops|2gcpds |
| 690 | 07|aPesticides|2gcpds |
| 720 | 1 |aBellefleur, Ludger |
| 775 | 08|tLa petite mineuse du bouleau / |w(CaOODSP)9.644174 |
| 856 | 40|ahttp://publications.gc.ca|qPDF|s402 KB|uhttps://publications.gc.ca/collections/collection_2015/aac-aafc/A43-1367-1968-eng.pdf |
| 986 | |aPublication 1367 |